| 000 | 00727nam a2200169 a 4500 | ||
|---|---|---|---|
| 001 | 3188 | ||
| 003 | CO-ViMGA | ||
| 008 | 141112s2004 ck r 000 u spa d | ||
| 040 |
_aCO-ViMGA _bspa _cCO-ViMGA |
||
| 082 | 0 | 4 | _aR618.92 C677 |
| 100 | 1 |
_aCorrea V., Jose Alberto _952579 |
|
| 245 | 1 | 0 |
_aFundamentos de Pediatría / _cCorrea V. Jose Alberto , Gómez R. Juan Fernando , Posada S Ricardo |
| 260 |
_aMedellín : _bFondo Editorial de la CIB, _c1994 |
||
| 300 | _a4 v | ||
| 500 | _aEn colección v. 1 - 4 Contenido : v.1, Generalidades y neonatalogía; v.2, Enfermedades infecciosas y respiratorias; v.3, Enfermedades cardiovasculares, digestivas, endocrinas y dermatológicas; v.4, Hematología y genética. | ||
| 942 |
_2ddc _cBK |
||
| 999 |
_c15238 _d15238 |
||